| 000 | 00617nam a2200193Ia 4500 | ||
|---|---|---|---|
| 003 | GCL | ||
| 008 | 140319s9999 xx 000 0 ara d | ||
| 040 |
_aGCL / _cGCL |
||
| 082 | 0 | 4 |
_a239.9 _bم ا |
| 100 | 1 | _aمحمد خالد | |
| 245 | 1 | 0 |
_aاعلام الصحابة المجاهدون / _cمحمد خالد |
| 260 |
_aالقاهرة : _bوزارة الثقافة والارشاد القومى ، _c1961 |
||
| 300 |
_a124 ص ؛ _c15 سم |
||
| 490 |
_aالمكتبة الثقافية _v33 |
||
| 650 | 0 | 4 | _aالاسلام |
| 650 | 0 | 4 | _aالصحافة |
| 650 | 0 | 4 | _aخالد بن الوليد |
| 942 |
_2ddc _cBK |
||
| 999 |
_c42190 _d42190 |
||